000 00544nam a2200157 i 4500
001 59257
003 ES-MaACL
005 20230906164010.0
007 t|
008 031028s1952 gw ||||1| ger d
100 1 _aElías de Tejada, Francisco.
_946976
245 1 0 _aSacrum Imperium und nebertaatliche
_b: ordnung eine rede, am 6 August 1952, gehalten /
_cvon Francisco Elías de Tejada.
260 _aLichstatt :
_bAbendlandische Akademie,
_c1952 (
_eSevilla :
_fE.H.A.G)
300 _a29 p. ;
_c15 cm.
852 _aES-MaACL
_j1967-F-1
_bR.34372
999 _c59257
_d59257